Gaming Quiz

Random Gaming or Color Quiz

Miscolored Monopoly Quiz Stats

 Plays Quiz Updated Jul 18, 2018

Score 0/6 Timer 01:00
6 Plays Today
Question Answer Wrong Answers
Pick the property which is not colored correctly. Short Line
Liverpool Street Station
84.3%
St. Charles Place
Pall Mall
4.4%
Oriental Avenue
The Angel Islington
3.8%
St. James Place
Bow Street
4.3%
Pick the property which is not colored correctly. Connecticut Avenue
Pentonville Road
78.7%
Pacific Avenue
Regent Street
5.9%
Marvin Gardens
Piccadilly
6.4%
St. Charles Place
Pall Mall
5.5%
Pick the property which is not colored correctly. Ventnor Avenue
Coventry Street
73.7%
Illinois Avenue
Trafalgar Square
4.6%
Park Place
Park Lane
4.2%
States Avenue
Whitehall
14.1%
Pick the property which is not colored correctly. North Carolina Avenue
Oxford Street
72.1%
Kentucky Avenue
The Strand
7.3%
Atlantic Avenue
Leicester Square
12.8%
Reading Railroad
King's Cross Station
4.2%
Pick the property which is not colored correctly. Baltic Avenue
Whitechapel Avenue
69%
Pennsylvania Avenue
Bond Street
11.1%
Boardwalk
Mayfair
4.1%
Tennessee Avenue
Marlborough Street
12.1%
Pick the property which is not colored correctly. Virginia Avenue
Northumberland Avenue
64.4%
Vermont Avenue
Euston Road
7.2%
Mediterranean Avenue
Old Kent Road
20.7%
Indiana Avenue
Fleet Street
4%

You're not logged in!

Compare scores with friends on all Sporcle quizzes.
OR
Log In

Sporcle TV

Today on Sporcle TV


Watch our educational content, quiz creation guides, and fun videos on Sporcle TV.

Show Comments

Extras

Top Quizzes Today


Score Distribution

Your Account Isn't Verified!

In order to create a playlist on Sporcle, you need to verify the email address you used during registration. Go to your Sporcle Settings to finish the process.

Report this User

Report this user for behavior that violates our Community Guidelines.

Details: